00850nam a22002057a 450000500170000001000150001702000260003203500140005803700130007208200100008510000260009524500590012126000570018027001280023730000210036550000590038694200240044599900190046995201560048820231122122246.0 aENG-138425 c700.00a9789381841648 aEN-121957 bDBAD/PUB a158.1 aMurphy, Joseph958956 aThe Power of Your Subconscious Mind/cBy Joseph Murphy aNew DelhibGrapewine India Publishers Pvt Ltd c2015 aPlot No 4, First Floor, Opposite Shadipur Metro Station, Payel NagarbNew Delhie110008mgrapewineindiapublishers@gmail.com a259p.c20cm(pbk) aOne of the Most Powerful Self Help Guides Ever Written 2ddccENh158.1mMUR c199176d199176 001040708NFICaBNbBNd2023-11-22eDBAD/PUBg700.00l5o158.1 MURpEN-121957q2026-06-30r2026-06-16 13:31:48s2026-06-16t1v700.00w2023-11-22yEN